000 00442nam a22001817a 4500
003 CEME
005 20210628205702.0
008 210315b xxu||||| |||| 00| 0 eng d
020 _a81-7141-461-3
040 _c.
082 _a020 KHO
100 _aKhochar, R.S
_976651
245 _aLibrary science today
260 _aNEW DELHI
_bDISCOVERY PUBLISHING
_c1999
300 _aV,286P
650 _aLIBRARY SCIENCE
_936974
942 _cBK
_2ddc
999 _c581999
_d581999